[Event "45th FIDE Chess Olympiad Open"]
[Site "Budapest, Hungary"]
[Date "2024.09.21"]
[Round "10"]
[White "Van Bemmelen, Ursus"]
[Black "Mahamat Hachim Bachar"]
[Result "1-0"]
[Board "301"]
[WhiteFideId "7501013"]
[BlackFideId "42800030"]
[WhiteTitle "FM"]
[WhiteElo "2146"]
[BlackElo "1872"]
[WhiteTeam "Netherlands Antilles"]
[BlackTeam "Chad"]
[WhiteClock "0:14:09"]
[BlackClock "1:11:34"]
[Variant "Standard"]

1. d4 {[%clk 1:30:53]}  d5 {[%clk 1:30:47]} 2. Nf3 {[%clk 1:30:57]}  c6 {[%clk 1:31:08]} 3. g3 {[%clk 1:30:53]}  Bf5 {[%clk 1:31:24]} 4. Bg2 {[%clk 1:31:02]}  Qc8 {[%clk 1:31:40]} 5. Bf4 {[%clk 1:25:34]}  Bh3 {[%clk 1:31:58]} 6. Bxh3 {[%clk 1:25:31]}  Qxh3 {[%clk 1:32:02]} 7. Qd3 {[%clk 1:24:48]}  Nf6 {[%clk 1:32:10]} 8. Nbd2 {[%clk 1:21:31]}  h6 {[%clk 1:32:16]} 9. e4 {[%clk 1:19:50]}  e6 {[%clk 1:31:51]} 10. O-O-O {[%clk 1:17:58]}  Be7 {[%clk 1:32:01]} 11. Qe2 {[%clk 1:06:10]}  O-O {[%clk 1:32:09]} 12. Rhg1 {[%clk 1:06:00]}  Ng4 {[%clk 1:30:46]} 13. Ne5 {[%clk 1:05:02]}  Nxe5 {[%clk 1:30:16]} 14. Bxe5 {[%clk 1:05:29]}  Nd7 {[%clk 1:29:41]} 15. Bf4 {[%clk 1:02:09]}  g5 {[%clk 1:27:03]} 16. Be3 {[%clk 1:01:10]}  f5 {[%clk 1:27:20]} 17. exf5 {[%clk 1:00:46]}  exf5 {[%clk 1:25:23]} 18. Bf4 {[%clk 0:50:32]}  Bf6 {[%clk 1:24:47]} 19. Qe6+ {[%clk 0:48:46]}  Rf7 {[%clk 1:24:47]} 20. Be5 {[%clk 0:46:37]}  Nxe5 {[%clk 1:24:23]} 21. dxe5 {[%clk 0:47:00]}  Bg7 {[%clk 1:24:41]} 22. Nf3 {[%clk 0:38:23]}  Raf8 {[%clk 1:24:05]} 23. Nd4 {[%clk 0:27:15]}  Kh7 {[%clk 1:23:51]} 24. f4 {[%clk 0:27:11]}  a6 {[%clk 1:22:11]} 25. Rd2 {[%clk 0:22:04]}  Qg4 {[%clk 1:17:37]} 26. Rf2 {[%clk 0:19:27]}  a5 {[%clk 1:17:37]} 27. Rgf1 {[%clk 0:16:52]}  a4 {[%clk 1:13:34]} 28. a3 {[%clk 0:17:12]}  c5 {[%clk 1:10:38]} 29. Nb5 {[%clk 0:16:55]}  d4 {[%clk 1:10:23]} 30. Nd6 {[%clk 0:17:01]}  Rc7 {[%clk 1:09:44]} 31. Qc4 {[%clk 0:15:54]}  gxf4 {[%clk 1:08:19]} 32. gxf4 {[%clk 0:16:06]}  b6 {[%clk 1:05:34]} 33. Kb1 {[%clk 0:15:15]}  Rb8 {[%clk 1:05:04]} 34. Nb5 {[%clk 0:14:29]}  Rd7 {[%clk 1:04:47]} 35. Qd3 {[%clk 0:13:56]}  Rc8 {[%clk 1:02:14]} 36. Qc4 {[%clk 0:12:12]}  Rcd8 {[%clk 1:02:02]} 37. Rf3 {[%clk 0:12:05]}  Qg2 {[%clk 1:00:32]} 38. Nd6 {[%clk 0:07:23]}  Rxd6 {[%clk 1:00:24]} 39. exd6 {[%clk 0:07:52]}  Rxd6 {[%clk 1:00:22]} 40. Rg3 {[%clk 0:08:14]}  Qb7 {[%clk 0:59:12]} 41. Rfg1 {[%clk 0:08:12]}  Rd7 {[%clk 0:58:36]} 42. Qe6 {[%clk 0:04:43]}  Rf7 {[%clk 0:58:14]} 43. Qg6+ {[%clk 0:04:22]}  Kh8 {[%clk 0:57:55]} 44. Re1 {[%clk 0:04:25]}  Re7 {[%clk 0:56:43]} 45. Re6 {[%clk 0:24:46]}  Qh1+ {[%clk 1:26:46]} 46. Rg1 {[%clk 0:24:42]}  Qxg1+ {[%clk 1:26:13]} 47. Qxg1 {[%clk 0:24:28]}  Rxe6 {[%clk 1:25:44]} 48. Qf1 {[%clk 0:18:32]}  Re4 {[%clk 1:23:46]} 49. h4 {[%clk 0:19:00]}  Bf6 {[%clk 1:22:49]} 50. h5 {[%clk 0:19:27]}  Bg7 {[%clk 1:21:44]} 51. Ka2 {[%clk 0:19:50]}  Kh7 {[%clk 1:21:44]} 52. Kb1 {[%clk 0:18:21]}  Kh8 {[%clk 1:20:00]} 53. Kc1 {[%clk 0:18:25]}  Bf6 {[%clk 1:19:52]} 54. Kd2 {[%clk 0:17:08]}  Rxf4 {[%clk 1:20:16]} 55. Qa6 {[%clk 0:16:12]}  Rf2+ {[%clk 1:17:22]} 56. Kd3 {[%clk 0:16:07]}  Bg5 {[%clk 1:17:15]} 57. Qxa4 {[%clk 0:13:42]}  Be3 {[%clk 1:16:04]} 58. Kc4 {[%clk 0:11:50]}  f4 {[%clk 1:15:41]} 59. Qe8+ {[%clk 0:12:08]}  Kg7 {[%clk 1:16:03]} 60. Qg6+ {[%clk 0:12:34]}  Kf8 {[%clk 1:16:23]} 61. Qxh6+ {[%clk 0:12:57]}  Ke7 {[%clk 1:16:02]} 62. Kd5 {[%clk 0:13:26]}  f3 {[%clk 1:16:02]} 63. Qg7+ {[%clk 0:13:26]}  Ke8 {[%clk 1:12:14]} 64. Ke6 {[%clk 0:14:09]}  Bg5 {[%clk 1:11:34]} 65. Qg8# {[%clk 0:14:09]} 1-0

[Event "45th FIDE Chess Olympiad Open"]
[Site "Budapest, Hungary"]
[Date "2024.09.21"]
[Round "10"]
[White "Abdelaziz Bokhit, Badjoiri"]
[Black "Van Opstal, Rurik"]
[Result "0-1"]
[Board "302"]
[WhiteFideId "42800099"]
[BlackFideId "7502621"]
[WhiteElo "1778"]
[BlackElo "2006"]
[WhiteTeam "Chad"]
[BlackTeam "Netherlands Antilles"]
[WhiteClock "0:28:09"]
[BlackClock "0:52:11"]
[Variant "Standard"]

1. e4 {[%clk 1:30:54]}  c5 {[%clk 1:30:55]} 2. Nf3 {[%clk 1:31:05]}  d6 {[%clk 1:31:14]} 3. h3 {[%clk 1:31:17]}  g6 {[%clk 1:31:18]} 4. c3 {[%clk 1:31:27]}  Nf6 {[%clk 1:31:07]} 5. d3 {[%clk 1:31:06]}  Bg7 {[%clk 1:31:13]} 6. Be2 {[%clk 1:30:54]}  O-O {[%clk 1:31:24]} 7. Nbd2 {[%clk 1:30:40]}  e5 {[%clk 1:30:25]} 8. Nf1 {[%clk 1:30:48]}  Nh5 {[%clk 1:29:03]} 9. N3h2 {[%clk 1:27:36]}  Nf4 {[%clk 1:24:13]} 10. Ne3 {[%clk 1:22:22]}  Nc6 {[%clk 1:21:28]} 11. Nf3 {[%clk 1:21:28]}  Be6 {[%clk 1:19:09]} 12. O-O {[%clk 1:17:21]}  f5 {[%clk 1:18:22]} 13. Kh2 {[%clk 1:11:04]}  Qf6 {[%clk 1:11:25]} 14. c4 {[%clk 1:07:12]}  Nxe2 {[%clk 1:03:17]} 15. Qxe2 {[%clk 1:07:23]}  fxe4 {[%clk 1:03:26]} 16. dxe4 {[%clk 1:06:46]}  Qf4+ {[%clk 1:03:16]} 17. Kh1 {[%clk 1:04:54]}  Bxh3 {[%clk 1:03:03]} 18. Nf5 {[%clk 0:54:24]}  Qg4 {[%clk 1:01:04]} 19. gxh3 {[%clk 0:51:26]}  Qxh3+ {[%clk 1:01:19]} 20. Nh2 {[%clk 0:51:43]}  gxf5 {[%clk 1:01:30]} 21. exf5 {[%clk 0:43:14]}  Rxf5 {[%clk 1:01:22]} 22. Qg4 {[%clk 0:43:38]}  Qxg4 {[%clk 1:00:41]} 23. Nxg4 {[%clk 0:43:54]}  Nd4 {[%clk 0:59:18]} 24. Rg1 {[%clk 0:41:59]}  Kh8 {[%clk 0:58:47]} 25. Rg2 {[%clk 0:42:01]}  Rh5+ {[%clk 0:56:49]} 26. Nh2 {[%clk 0:40:51]}  Nf3 {[%clk 0:56:31]} 27. Be3 {[%clk 0:40:28]}  Rf8 {[%clk 0:54:42]} 28. Rd1 {[%clk 0:35:01]}  Rf6 {[%clk 0:54:50]} 29. b4 {[%clk 0:33:44]}  Bh6 {[%clk 0:49:22]} 30. bxc5 {[%clk 0:32:30]}  Bxe3 {[%clk 0:49:36]} 31. fxe3 {[%clk 0:28:39]}  Rfh6 {[%clk 0:49:43]} 32. Rdd2 {[%clk 0:27:38]}  Nxd2 {[%clk 0:49:51]} 33. Rxd2 {[%clk 0:28:01]}  Rxh2+ {[%clk 0:50:00]} 34. Rxh2 {[%clk 0:27:59]}  Rxh2+ {[%clk 0:50:24]} 35. Kxh2 {[%clk 0:28:12]}  dxc5 {[%clk 0:50:52]} 36. Kg3 {[%clk 0:28:24]}  Kg7 {[%clk 0:51:10]} 37. Kf3 {[%clk 0:28:34]}  Kf6 {[%clk 0:51:24]} 38. a4 {[%clk 0:28:17]}  Kf5 {[%clk 0:51:24]} 39. e4+ {[%clk 0:27:38]}  Kg5 {[%clk 0:51:46]} 40. Kg3 {[%clk 0:28:02]}  a5 {[%clk 0:51:50]} 41. Kf3 {[%clk 0:28:09]}  Kh4 {[%clk 0:52:11]} 0-1

[Event "45th FIDE Chess Olympiad Open"]
[Site "Budapest, Hungary"]
[Date "2024.09.21"]
[Round "10"]
[White "Blijstra, Willem"]
[Black "Adam, Jamal"]
[Result "1/2-1/2"]
[Board "303"]
[WhiteFideId "1018000"]
[BlackFideId "12200620"]
[WhiteTitle "FM"]
[BlackTitle "CM"]
[WhiteElo "2063"]
[BlackElo "2013"]
[WhiteTeam "Netherlands Antilles"]
[BlackTeam "Chad"]
[WhiteClock "0:54:55"]
[BlackClock "0:47:55"]
[Variant "Standard"]

1. d4 {[%clk 1:30:53]}  Nf6 {[%clk 1:30:22]} 2. Nf3 {[%clk 1:31:00]}  d5 {[%clk 1:29:53]} 3. Bf4 {[%clk 1:30:09]}  c6 {[%clk 1:28:49]} 4. e3 {[%clk 1:24:28]}  Qb6 {[%clk 1:27:34]} 5. Qc1 {[%clk 1:23:44]}  Bf5 {[%clk 1:26:51]} 6. c4 {[%clk 1:20:10]}  e6 {[%clk 1:25:21]} 7. c5 {[%clk 1:14:28]}  Qa5+ {[%clk 1:17:37]} 8. Qc3 {[%clk 1:11:35]}  Qxc3+ {[%clk 1:15:34]} 9. Nxc3 {[%clk 1:11:36]}  Nh5 {[%clk 1:15:27]} 10. b4 {[%clk 1:08:53]}  Nxf4 {[%clk 1:13:51]} 11. exf4 {[%clk 1:09:14]}  Be7 {[%clk 1:12:39]} 12. Kd2 {[%clk 1:08:16]}  Nd7 {[%clk 0:52:53]} 13. Bd3 {[%clk 1:05:08]}  Bg4 {[%clk 0:49:25]} 14. Be2 {[%clk 0:58:50]}  Bf5 {[%clk 0:47:59]} 15. Bd3 {[%clk 0:55:46]}  Bg4 {[%clk 0:47:55]} 16. Be2 {[%clk 0:55:46]}  Bf5 {[%clk 0:47:55]} 17. Bd3 {[%clk 0:00:00]}  Bg4 {[%clk 0:47:55]} 18. Be2 {[%clk 0:54:55]}  Bf5 {[%clk 0:47:55]} 1/2-1/2

[Event "45th FIDE Chess Olympiad Open"]
[Site "Budapest, Hungary"]
[Date "2024.09.21"]
[Round "10"]
[White "Hassaballa Ahmed Hassaballa"]
[Black "Van Delden, Johan"]
[Result "0-1"]
[Board "304"]
[WhiteFideId "12204293"]
[BlackFideId "7502206"]
[WhiteElo "1902"]
[BlackElo "1909"]
[WhiteTeam "Chad"]
[BlackTeam "Netherlands Antilles"]
[WhiteClock "0:10:07"]
[BlackClock "0:17:53"]
[Variant "Standard"]

1. e4 {[%clk 1:30:44]}  e5 {[%clk 1:30:44]} 2. Nf3 {[%clk 1:30:50]}  Nc6 {[%clk 1:31:01]} 3. Bb5 {[%clk 1:30:42]}  a6 {[%clk 1:31:09]} 4. Bc4 {[%clk 1:29:59]}  Nf6 {[%clk 1:30:38]} 5. Ng5 {[%clk 1:23:55]}  d5 {[%clk 1:29:26]} 6. exd5 {[%clk 1:17:53]}  Na5 {[%clk 1:29:05]} 7. Qe2 {[%clk 1:17:15]}  Nxc4 {[%clk 1:26:53]} 8. Qxc4 {[%clk 1:16:39]}  Nxd5 {[%clk 1:22:38]} 9. Nc3 {[%clk 1:11:10]}  c6 {[%clk 1:22:02]} 10. d3 {[%clk 1:06:10]}  h6 {[%clk 1:19:14]} 11. Nf3 {[%clk 1:05:37]}  Bd6 {[%clk 1:14:32]} 12. O-O {[%clk 1:04:12]}  Be6 {[%clk 1:13:06]} 13. Ne4 {[%clk 0:58:33]}  Ne3 {[%clk 1:02:27]} 14. Nxd6+ {[%clk 0:53:15]}  Qxd6 {[%clk 1:00:28]} 15. Qc3 {[%clk 0:53:07]}  Nxf1 {[%clk 1:00:20]} 16. Kxf1 {[%clk 0:51:56]}  f6 {[%clk 0:59:01]} 17. Be3 {[%clk 0:51:33]}  Kf7 {[%clk 0:56:37]} 18. Re1 {[%clk 0:48:16]}  Rhe8 {[%clk 0:53:43]} 19. h3 {[%clk 0:47:43]}  Kg8 {[%clk 0:51:55]} 20. Bc5 {[%clk 0:46:50]}  Qd7 {[%clk 0:51:09]} 21. Kg1 {[%clk 0:45:05]}  Qf7 {[%clk 0:48:13]} 22. Kh2 {[%clk 0:43:28]}  Rad8 {[%clk 0:47:38]} 23. a4 {[%clk 0:42:12]}  Qc7 {[%clk 0:46:33]} 24. Kg1 {[%clk 0:40:47]}  b6 {[%clk 0:46:03]} 25. Be3 {[%clk 0:40:45]}  a5 {[%clk 0:44:57]} 26. Nd2 {[%clk 0:36:31]}  c5 {[%clk 0:43:03]} 27. b3 {[%clk 0:36:08]}  Qc6 {[%clk 0:42:25]} 28. f3 {[%clk 0:35:26]}  Bd5 {[%clk 0:40:42]} 29. Nc4 {[%clk 0:32:33]}  Bxc4 {[%clk 0:40:21]} 30. Qxc4+ {[%clk 0:32:25]}  Qd5 {[%clk 0:40:37]} 31. Kf2 {[%clk 0:31:37]}  Re6 {[%clk 0:36:47]} 32. Bd2 {[%clk 0:25:11]}  Kh7 {[%clk 0:32:02]} 33. Qe4+ {[%clk 0:21:00]}  g6 {[%clk 0:30:24]} 34. Qh4 {[%clk 0:19:11]}  Qd4+ {[%clk 0:29:30]} 35. Kg3 {[%clk 0:19:29]}  h5 {[%clk 0:26:54]} 36. Qe4 {[%clk 0:15:34]}  Kg7 {[%clk 0:18:43]} 37. h4 {[%clk 0:14:47]}  Qxe4 {[%clk 0:15:49]} 38. fxe4 {[%clk 0:13:08]}  Red6 {[%clk 0:13:35]} 39. Be3 {[%clk 0:11:33]}  Kf7 {[%clk 0:13:27]} 40. Kf3 {[%clk 0:11:11]}  Ke6 {[%clk 0:12:50]} 41. Ke2 {[%clk 0:08:45]}  Rf8 {[%clk 0:11:10]} 42. g3 {[%clk 0:06:33]}  Rd7 {[%clk 0:10:44]} 43. Rg1 {[%clk 0:06:03]}  Rg8 {[%clk 0:09:36]} 44. Rh1 {[%clk 0:04:46]}  f5 {[%clk 0:09:05]} 45. Rg1 {[%clk 0:03:10]}  Rf7 {[%clk 0:07:07]} 46. Rf1 {[%clk 0:00:58]}  Rgf8 {[%clk 0:04:59]} 47. Bh6 {[%clk 0:00:35]}  Rd8 {[%clk 0:04:44]} 48. Bg5 {[%clk 0:00:42]}  Rd4 {[%clk 0:04:35]} 49. c3 {[%clk 0:25:43]}  Rd6 {[%clk 0:33:57]} 50. exf5+ {[%clk 0:25:24]}  gxf5 {[%clk 0:34:08]} 51. Ke3 {[%clk 0:23:50]}  Rfd7 {[%clk 0:32:10]} 52. Rd1 {[%clk 0:22:41]}  e4 {[%clk 0:31:03]} 53. d4 {[%clk 0:21:46]}  cxd4+ {[%clk 0:31:21]} 54. Rxd4 {[%clk 0:20:32]}  Rxd4 {[%clk 0:31:10]} 55. cxd4 {[%clk 0:20:29]}  Rc7 {[%clk 0:29:51]} 56. Kd2 {[%clk 0:20:05]}  Kd5 {[%clk 0:29:49]} 57. Bf4 {[%clk 0:19:15]}  Rc6 {[%clk 0:29:54]} 58. Be3 {[%clk 0:18:58]}  Rg6 {[%clk 0:30:04]} 59. Bf2 {[%clk 0:18:24]}  b5 {[%clk 0:28:47]} 60. axb5 {[%clk 0:18:00]}  Rb6 {[%clk 0:29:00]} 61. Kc3 {[%clk 0:17:50]}  Rxb5 {[%clk 0:29:02]} 62. Be3 {[%clk 0:18:00]}  Rb8 {[%clk 0:28:07]} 63. Bf2 {[%clk 0:17:53]}  Rg8 {[%clk 0:27:45]} 64. Kd2 {[%clk 0:17:48]}  a4 {[%clk 0:27:19]} 65. bxa4 {[%clk 0:16:34]}  Ra8 {[%clk 0:27:41]} 66. Ke3 {[%clk 0:16:40]}  Rxa4 {[%clk 0:27:16]} 67. Kf4 {[%clk 0:16:30]}  Ra3 {[%clk 0:27:11]} 68. Be1 {[%clk 0:15:09]}  Rf3+ {[%clk 0:26:18]} 69. Kg5 {[%clk 0:15:11]}  Kxd4 {[%clk 0:24:08]} 70. Kxh5 {[%clk 0:15:25]}  Rf1 {[%clk 0:23:41]} 71. Ba5 {[%clk 0:15:29]}  e3 {[%clk 0:22:16]} 72. Kg5 {[%clk 0:15:24]}  Ke4 {[%clk 0:22:30]} 73. h5 {[%clk 0:15:24]}  e2 {[%clk 0:22:30]} 74. h6 {[%clk 0:15:24]}  Rg1 {[%clk 0:18:08]} 75. h7 {[%clk 0:13:42]}  Rxg3+ {[%clk 0:18:03]} 76. Kh5 {[%clk 0:13:13]}  Rh3+ {[%clk 0:17:36]} 77. Kg6 {[%clk 0:10:11]}  f4 {[%clk 0:17:42]} 78. Bd2 {[%clk 0:09:31]}  f3 {[%clk 0:17:19]} 79. Bh6 {[%clk 0:09:47]}  Rxh6+ {[%clk 0:17:32]} 80. Kxh6 {[%clk 0:10:07]}  e1=Q {[%clk 0:17:53]} 0-1

[Event "45th FIDE Chess Olympiad Open"]
[Site "Budapest, Hungary"]
[Date "2024.09.21"]
[Round "10"]
[White "Pereira, Sergio"]
[Black "Bodin-Hullin, Thomas"]
[Result "1-0"]
[Board "305"]
[WhiteFideId "1908316"]
[BlackFideId "681407"]
[WhiteElo "1988"]
[BlackElo "1855"]
[WhiteTeam "Sao Tome and Principe"]
[BlackTeam "Senegal"]
[WhiteClock "0:06:21"]
[BlackClock "0:01:10"]
[Variant "Standard"]

1. e4 {[%clk 1:30:58]}  c5 {[%clk 1:30:57]} 2. Nc3 {[%clk 1:31:23]}  d6 {[%clk 1:31:23]} 3. d4 {[%clk 1:31:46]}  cxd4 {[%clk 1:31:48]} 4. Qxd4 {[%clk 1:32:11]}  Nc6 {[%clk 1:32:03]} 5. Bb5 {[%clk 1:32:35]}  Bd7 {[%clk 1:31:59]} 6. Bxc6 {[%clk 1:32:59]}  Bxc6 {[%clk 1:30:14]} 7. Nf3 {[%clk 1:33:20]}  e5 {[%clk 1:28:56]} 8. Qd3 {[%clk 1:32:09]}  Nf6 {[%clk 1:29:08]} 9. Bg5 {[%clk 1:32:03]}  Be7 {[%clk 1:29:32]} 10. O-O-O {[%clk 1:27:19]}  Ng4 {[%clk 1:20:31]} 11. Be3 {[%clk 1:24:35]}  Nxe3 {[%clk 1:12:16]} 12. Qxe3 {[%clk 1:24:55]}  O-O {[%clk 1:09:48]} 13. Nxe5 {[%clk 1:22:34]}  f5 {[%clk 1:00:59]} 14. Nxc6 {[%clk 1:20:01]}  bxc6 {[%clk 1:01:26]} 15. e5 {[%clk 1:18:14]}  f4 {[%clk 0:58:27]} 16. Qh3 {[%clk 1:17:31]}  Kh8 {[%clk 0:53:18]} 17. exd6 {[%clk 1:13:05]}  Bf6 {[%clk 0:51:05]} 18. Ne4 {[%clk 1:12:00]}  Be5 {[%clk 0:47:29]} 19. Rd3 {[%clk 1:03:20]}  Rb8 {[%clk 0:34:40]} 20. Rb3 {[%clk 0:59:08]}  Qa5 {[%clk 0:34:08]} 21. Qe6 {[%clk 0:52:12]}  Rbe8 {[%clk 0:17:43]} 22. Qc4 {[%clk 0:39:27]}  Qxa2 {[%clk 0:17:47]} 23. Rd1 {[%clk 0:38:05]}  Bxb2+ {[%clk 0:14:30]} 24. Kd2 {[%clk 0:37:29]}  f3 {[%clk 0:08:30]} 25. gxf3 {[%clk 0:26:11]}  Rxf3 {[%clk 0:06:18]} 26. d7 {[%clk 0:24:31]}  Rd8 {[%clk 0:03:56]} 27. Ke2 {[%clk 0:17:57]}  Rff8 {[%clk 0:03:17]} 28. Ng5 {[%clk 0:12:47]}  Bf6 {[%clk 0:01:34]} 29. Ne6 {[%clk 0:11:47]}  Qa5 {[%clk 0:01:44]} 30. h3 {[%clk 0:06:38]}  Qh5+ {[%clk 0:01:39]} 31. Qg4 {[%clk 0:06:50]}  Qe5+ {[%clk 0:01:44]} 32. Re3 {[%clk 0:06:58]}  Qb5+ {[%clk 0:01:50]} 33. c4 {[%clk 0:07:12]}  Qb2+ {[%clk 0:01:30]} 34. Rd2 {[%clk 0:05:48]}  Qc1 {[%clk 0:01:56]} 35. Nxf8 {[%clk 0:05:49]}  Bc3 {[%clk 0:01:39]} 36. Ng6+ {[%clk 0:06:05]}  Kg8 {[%clk 0:01:10]} 37. Qe6# {[%clk 0:06:21]} 1-0

[Event "45th FIDE Chess Olympiad Open"]
[Site "Budapest, Hungary"]
[Date "2024.09.21"]
[Round "10"]
[White "Lesbros, Bernard"]
[Black "Nascimento Admilton de Ceita dos Santos"]
[Result "1-0"]
[Board "306"]
[WhiteFideId "614831"]
[BlackFideId "16900120"]
[WhiteElo "1938"]
[BlackElo "1908"]
[WhiteTeam "Senegal"]
[BlackTeam "Sao Tome and Principe"]
[WhiteClock "0:07:02"]
[BlackClock "0:40:31"]
[Variant "Standard"]

1. Nf3 {[%clk 1:30:50]}  d5 {[%clk 1:30:50]} 2. c4 {[%clk 1:31:13]}  e6 {[%clk 1:31:08]} 3. g3 {[%clk 1:31:12]}  Nf6 {[%clk 1:31:15]} 4. Bg2 {[%clk 1:31:21]}  dxc4 {[%clk 1:31:13]} 5. O-O {[%clk 1:31:19]}  Nc6 {[%clk 1:29:08]} 6. Qa4 {[%clk 1:27:06]}  Bd7 {[%clk 1:26:54]} 7. Qxc4 {[%clk 1:26:48]}  a6 {[%clk 1:23:42]} 8. d4 {[%clk 1:23:55]}  Nb4 {[%clk 1:21:05]} 9. Qb3 {[%clk 1:14:48]}  Bc6 {[%clk 1:19:59]} 10. Nc3 {[%clk 1:11:04]}  Ne4 {[%clk 1:11:12]} 11. Ne5 {[%clk 0:54:43]}  Nxc3 {[%clk 1:09:55]} 12. bxc3 {[%clk 0:42:20]}  Bxg2 {[%clk 1:09:21]} 13. Kxg2 {[%clk 0:42:21]}  Qd5+ {[%clk 1:09:20]} 14. Qxd5 {[%clk 0:37:33]}  Nxd5 {[%clk 1:09:40]} 15. Bd2 {[%clk 0:35:59]}  f6 {[%clk 1:09:51]} 16. Nd3 {[%clk 0:35:02]}  Nb6 {[%clk 1:09:56]} 17. Rab1 {[%clk 0:33:25]}  g5 {[%clk 1:08:36]} 18. f4 {[%clk 0:29:53]}  g4 {[%clk 1:07:06]} 19. f5 {[%clk 0:28:39]}  Bd6 {[%clk 1:06:42]} 20. Bh6 {[%clk 0:24:05]}  Rg8 {[%clk 1:05:30]} 21. Nc5 {[%clk 0:24:00]}  exf5 {[%clk 1:04:41]} 22. Nxb7 {[%clk 0:23:13]}  Nc4 {[%clk 1:02:55]} 23. Rxf5 {[%clk 0:20:20]}  Rg6 {[%clk 1:00:01]} 24. Nxd6+ {[%clk 0:16:29]}  Nxd6 {[%clk 0:59:07]} 25. Rh5 {[%clk 0:16:18]}  Ne4 {[%clk 0:58:06]} 26. Rb3 {[%clk 0:13:11]}  Kf7 {[%clk 0:55:04]} 27. Bf4 {[%clk 0:12:13]}  Kg8 {[%clk 0:55:12]} 28. Bxc7 {[%clk 0:09:24]}  Rc8 {[%clk 0:55:25]} 29. Ba5 {[%clk 0:08:37]}  Ng5 {[%clk 0:55:23]} 30. Rb6 {[%clk 0:07:41]}  Rc4 {[%clk 0:52:22]} 31. Rxa6 {[%clk 0:06:59]}  Ra4 {[%clk 0:51:25]} 32. Ra8+ {[%clk 0:07:11]}  Kf7 {[%clk 0:51:12]} 33. Ra7+ {[%clk 0:07:28]}  Ke6 {[%clk 0:51:25]} 34. Bb6 {[%clk 0:05:52]}  Rc4 {[%clk 0:51:46]} 35. e4 {[%clk 0:04:37]}  Rxc3 {[%clk 0:48:51]} 36. d5+ {[%clk 0:02:00]}  Kd6 {[%clk 0:48:38]} 37. Ra4 {[%clk 0:01:18]}  h6 {[%clk 0:47:47]} 38. Bd4 {[%clk 0:01:26]}  Rc2+ {[%clk 0:47:58]} 39. Kf1 {[%clk 0:01:13]}  Nxe4 {[%clk 0:47:22]} 40. Ra6+ {[%clk 0:01:05]}  Kd7 {[%clk 0:47:20]} 41. Be3 {[%clk 0:25:59]}  Rc3 {[%clk 1:16:08]} 42. Rxh6 {[%clk 0:21:30]}  Rxh6 {[%clk 1:15:36]} 43. Bxh6 {[%clk 0:21:51]}  Rc5 {[%clk 1:15:33]} 44. Ra4 {[%clk 0:17:38]}  f5 {[%clk 1:15:22]} 45. Be3 {[%clk 0:17:00]}  Rc2 {[%clk 1:15:06]} 46. Bf4 {[%clk 0:15:38]}  Rxh2 {[%clk 1:07:11]} 47. Ra7+ {[%clk 0:15:50]}  Kd8 {[%clk 1:07:22]} 48. d6 {[%clk 0:15:06]}  Nd2+ {[%clk 0:56:27]} 49. Ke1 {[%clk 0:13:56]}  Ne4 {[%clk 0:49:12]} 50. Be5 {[%clk 0:12:49]}  Rh6 {[%clk 0:47:51]} 51. Bf4 {[%clk 0:09:20]}  Re6 {[%clk 0:47:48]} 52. Kd1 {[%clk 0:07:10]}  Nxd6 {[%clk 0:47:53]} 53. Ra6 {[%clk 0:07:17]}  Ke7 {[%clk 0:44:57]} 54. Bxd6+ {[%clk 0:06:36]}  Rxd6+ {[%clk 0:41:00]} 55. Rxd6 {[%clk 0:06:41]}  Kxd6 {[%clk 0:41:20]} 56. Ke2 {[%clk 0:06:46]}  Ke5 {[%clk 0:40:42]} 57. Ke3 {[%clk 0:06:56]}  f4+ {[%clk 0:40:34]} 58. gxf4+ {[%clk 0:07:13]}  Kf5 {[%clk 0:40:58]} 59. a4 {[%clk 0:06:29]}  g3 {[%clk 0:40:51]} 60. Kf3 {[%clk 0:06:22]}  g2 {[%clk 0:40:51]} 61. Kxg2 {[%clk 0:06:33]}  Kxf4 {[%clk 0:40:56]} 62. a5 {[%clk 0:06:50]}  Ke5 {[%clk 0:40:31]} 63. a6 {[%clk 0:07:02]} 1-0